Humor idiota /
Guardado en:
| Autor Principal: | |
|---|---|
| Formato: | Libro |
| Publicado: |
Buenos Aires :
Pequeño Editor,
2013
|
| Series: | Cuadriños
|
| Materias: | |
| Etiquetas: |
Agregar Etiqueta
Sin Etiquetas, Sea el primero en etiquetar este registro!
|
| LEADER | 00684nam a22002415a 4500 | ||
|---|---|---|---|
| 001 | CEM.cems015478 | ||
| 005 | 20191209143617.0 | ||
| 008 | 130507s2013##################000#0#####d | ||
| 003 | CEMS | ||
| 020 | |a 9789871374397 | ||
| 082 | 0 | 4 | |a A867.4 |
| 100 | 1 | |a Cachimba, Max | |
| 245 | 1 | 0 | |a Humor idiota / |c Max Cachimba |
| 260 | |a Buenos Aires : |b Pequeño Editor, |c 2013 | ||
| 300 | |a 22 p. | ||
| 490 | 0 | |a Cuadriños | |
| 653 | |a Literatura | ||
| 653 | |a Literatura argentina | ||
| 653 | |a Literatura infantil | ||
| 653 | |a Historieta | ||
| 653 | |a Cuentos infantiles | ||
| 653 | |a Colección ciencias de la educación | ||
| 859 | |a CEMS |b BIB. CEMS - Ccias. Educacion |h A867.4 |i C113 |k CE |p 28883.19 |t Ej.1 | ||
